[Event "Villa Santiago op"]
[Site "Santiago de Cuba"]
[Date "2018.08.10"]
[Round "3"]
[White "Mora Preval, Jairon Humberto"]
[Black "Suarez Rojas, Elionays"]
[Result "0-1"]
[WhiteElo "1806"]
[BlackElo "1962"]
[PlyCount "36"]
[EventDate "2018.08.08"]
[EventType "swiss"]
[EventRounds "7"]
[EventCountry "CUB"]
[SourceTitle "EXT 2021"]
[Source "ChessBase"]
[SourceDate "2020.10.23"]
[SourceVersion "1"]
[SourceVersionDate "2020.10.23"]
[SourceQuality "1"]

1. e4 e5 2. Nf3 Nf6 3. Nxe5 d6 4. Nf3 Nxe4 5. Nc3 Nxc3 6. dxc3 Be7 7. Bd3 Nc6 8. 0-0 0-0 9. h3 Bf6 10. Be4 Ne5 11. Nh2 c6 12. f4 Ng6 13. Ng4 Bh4 14. Qf3 f5 15. Bd3 fxg4 16. hxg4 Ne5 17. Qe4 Nxd3 18. cxd3 Bxg4 0-1

[Event "Capablanca Memorial U15 2nd"]
[Site "Havana"]
[Date "2018.05.17"]
[Round "5"]
[White "Garcia Fuentes, Rachel"]
[Black "Mora Preval, Jairon Humberto"]
[Result "1/2-1/2"]
[WhiteElo "1447"]
[BlackElo "1876"]
[PlyCount "83"]
[EventDate "2018.05.14"]
[EventType "swiss"]
[EventRounds "7"]
[EventCountry "CUB"]
[SourceTitle "EXT 2021"]
[Source "ChessBase"]
[SourceDate "2020.10.23"]
[SourceVersion "1"]
[SourceVersionDate "2020.10.23"]
[SourceQuality "1"]

1. e4 c5 2. Nf3 d6 3. d4 cxd4 4. Nxd4 Nf6 5. Nc3 a6 6. Be3 e6 7. f3 Be7 8. Qd2 Qc7 9. 0-0-0 b5 10. g4 Nfd7 11. h4 Bb7 12. Be2 Nb6 13. Bg5 d5 14. Bxb5+ axb5 15. Ndxb5 Qc5 16. Bxe7 Kxe7 17. Qg5+ Ke8 18. Qxg7 Rf8 19. exd5 Nxd5 20. Rhe1 Kd7 21. Ne4 Qe7 22. Nf6+ Kc8 23. Nxd5 Bxd5 24. Rxd5 Rxa2 25. Nd6+ Kc7 26. Qc3+ Nc6 27. Rd3 Ra1+ 28. Kd2 Rxe1 29. Kxe1 Qxh4+ 30. Kd1 Qh1+ 31. Qe1 Qxe1+ 32. Kxe1 Nb4 33. Rd2 Nxc2+ 34. Rxc2+ Kxd6 35. Ke2 f5 36. Rc4 Rb8 37. b4 fxg4 38. Rxg4 Rb5 39. Rh4 h5 40. Kd3 Rf5 41. Ke3 Rb5 42. Rc4 1/2-1/2

[Event "Capablanca Memorial U15 2nd"]
[Site "Havana"]
[Date "2018.05.16"]
[Round "4"]
[White "Mora Preval, Jairon Humberto"]
[Black "Tornes Rosquet, Ingry"]
[Result "1/2-1/2"]
[WhiteElo "1876"]
[BlackElo "1580"]
[PlyCount "102"]
[EventDate "2018.05.14"]
[EventType "swiss"]
[EventRounds "7"]
[EventCountry "CUB"]
[SourceTitle "EXT 2021"]
[Source "ChessBase"]
[SourceDate "2020.10.23"]
[SourceVersion "1"]
[SourceVersionDate "2020.10.23"]
[SourceQuality "1"]

1. e4 e5 2. Nf3 Nf6 3. Nxe5 d6 4. Nf3 Nxe4 5. Qe2 Qe7 6. d3 Nf6 7. Bg5 Qxe2+ 8. Bxe2 Be7 9. Nc3 Nc6 10. Nb5 Kd8 11. 0-0-0 h6 12. Bd2 Ng4 13. Rhf1 Nce5 14. Nxe5 dxe5 15. h3 Nf6 16. d4 e4 17. c4 c6 18. Nc3 Kc7 19. Bf4+ Bd6 20. Bxd6+ Kxd6 21. Rfe1 Bf5 22. c5+ Kc7 23. Bc4 Bg6 24. d5 cxd5 25. Nxd5+ Nxd5 26. Rxd5 Rad8 27. Red1 f5 28. Rxd8 Rxd8 29. Rxd8 Kxd8 30. g3 Bh5 31. Be6 Bg6 32. Kd2 Ke7 33. Bc8 b6 34. c6 Kd6 35. Bd7 Bh7 36. Ke3 Ke7 37. Kf4 g6 38. h4 Bg8 39. a3 Be6 40. Bxe6 Kxe6 41. c7 Kd7 42. Ke5 Kxc7 43. Kf6 Kd6 44. Kxg6 Ke5 45. Kxh6 f4 46. gxf4+ Kxf4 47. Kg6 Kf3 48. h5 Kxf2 49. h6 e3 50. h7 e2 51. h8Q e1Q 1/2-1/2

[Event "Ciudad Heroe op"]
[Site "Santiago de Cuba"]
[Date "2018.02.18"]
[Round "4"]
[White "Mora Preval, Jairon Humberto"]
[Black "Rodriguez Perez, Carlos"]
[Result "1-0"]
[WhiteElo "1903"]
[BlackElo "1887"]
[PlyCount "97"]
[EventDate "2018.02.15"]
[EventType "swiss"]
[EventRounds "7"]
[EventCountry "CUB"]
[SourceTitle "EXT 2021"]
[Source "ChessBase"]
[SourceDate "2020.10.23"]
[SourceVersion "1"]
[SourceVersionDate "2020.10.23"]
[SourceQuality "1"]

1. e4 e5 2. Nf3 d6 3. d4 Nf6 4. Nc3 exd4 5. Nxd4 Be7 6. Be3 0-0 7. Bc4 Nc6 8. Nxc6 bxc6 9. 0-0 Re8 10. Re1 Bf8 11. f3 Be6 12. Bxe6 Rxe6 13. Ne2 c5 14. c4 Re8 15. Qd2 c6 16. Nc3 Qc7 17. Rad1 Rad8 18. Bg5 Be7 19. Bf4 Nd7 20. Bxd6 Qxd6 21. Qxd6 Bxd6 22. Rxd6 Ne5 23. Rxd8 Rxd8 24. b3 Kf8 25. Rd1 Rd4 26. Kf1 Nd3 27. Ne2 Nb2 28. Rxd4 cxd4 29. Nxd4 c5 30. Nc6 Nd3 31. a3 Nc1 32. b4 Nd3 33. bxc5 Nxc5 34. Nxa7 Ke7 35. Ke2 Kd6 36. Ke3 Nb3 37. Kd3 Kc5 38. Nb5 Na5 39. Nd4 Nxc4 40. Nb3+ Kb5 41. Kd4 Nxa3 42. Kd5 Nc4 43. Nd4+ Kb4 44. Nf5 g6 45. Nd6 Ne3+ 46. Ke5 Nxg2 47. Nxf7 Ne1 48. Kf4 Ng2+ 49. Kg3 1-0